| 000 | 00507nam a2200169 a 4500 | ||
|---|---|---|---|
| 001 | 2717 | ||
| 003 | CO-ViMGA | ||
| 008 | 141112s2004 ck r 000 u spa d | ||
| 040 |
_aCO-ViMGA _bspa _cCO-ViMGA |
||
| 082 | 0 | 4 | _a158.1 F383 |
| 100 | 1 |
_aFever, Louis _951764 |
|
| 245 | 1 | 0 |
_aCómo triunfar sin estres : _bun enfoque práctico y completo para olvidar el estres y asegurar el exito profesional y económico |
| 260 |
_aMexico : _bPanorama, _c1987 |
||
| 300 | _a188 p | ||
| 650 | 1 | 4 | _aEXITO |
| 942 |
_2ddc _cBK |
||
| 999 |
_c14792 _d14792 |
||